[Event "14. Abierto de la Constitucion"]
[Site "San Sebastian delos Reyes ESP"]
[Date "2012.12.05"]
[Round "5.14"]
[White "Dierssen Garcia-Barredo, Guillermo"]
[Black "Moset Grande, Javier"]
[Result "1-0"]
[WhiteElo "1893"]
[BlackElo "1767"]
[PlyCount "69"]
[EventDate "2012.12.01"]
[EventType "swiss"]
[EventRounds "9"]
[EventCountry "ESP"]
[Source "lmi"]
[SourceDate "2012.12.01"]

1. d4 g6 2. c4 Bg7 3. Nc3 Nf6 4. e4 d6 5. f4 Bg4 6. Nf3 Nc6 7. Be3 e5 8. fxe5
dxe5 9. d5 Bxf3 10. gxf3 Ne7 11. Qd2 O-O 12. Bd3 Nh5 13. Ne2 f5 14. O-O-O f4
15. Bf2 Nc8 16. Kb1 b6 17. Nc3 Nd6 18. c5 bxc5 19. Bxc5 Nf6 20. Ba3 Nd7 21. Rc1
Nb6 22. Nb5 Rf7 23. Rc6 Bf8 24. Qc3 Nxb5 25. Bxb5 Bxa3 26. Qxa3 Nc8 27. Qc3 Nd6
28. Bd3 Rb8 29. Qxe5 Qh4 30. Rc2 Qh3 31. Rf1 Re8 32. Qd4 c5 33. dxc6 Qe6 34.
Re1 Qc8 35. Qxd6 1-0

[Event "14. Abierto de la Constitucion"]
[Site "San Sebastian delos Reyes ESP"]
[Date "2012.12.05"]
[Round "5.15"]
[White "Barroso Barroso, Jorge"]
[Black "Martin Rodriguez, Jose Luis"]
[Result "1-0"]
[WhiteElo "1853"]
[BlackElo "1443"]
[PlyCount "58"]
[EventDate "2012.12.01"]
[EventType "swiss"]
[EventRounds "9"]
[EventCountry "ESP"]
[Source "lmi"]
[SourceDate "2012.12.01"]

1. e4 e6 2. d4 d5 3. exd5 exd5 4. Bd3 Bd6 5. Ne2 Ne7 6. Bf4 Ng6 7. Bxd6 Qxd6 8.
Nbc3 Nc6 9. Qd2 Nb4 10. O-O-O Nxd3+ 11. Qxd3 O-O 12. Qf3 c6 13. h4 b5 14. h5
Ne7 15. h6 g6 16. Nf4 Qf6 17. Rhe1 g5 18. Nh5 Qxf3 19. gxf3 Be6 20. Rg1 f6 21.
Rde1 Bf7 22. Nxf6+ Kh8 23. Rxe7 Bg6 24. Nd7 Rxf3 25. Nd1 Rf5 26. Ne5 Bh5 27.
Ne3 Rxf2 28. Rxg5 Rh2 29. Rgg7 Bg6 1-0

[Event "14. Abierto de la Constitucion"]
[Site "San Sebastian delos Reyes ESP"]
[Date "2012.12.05"]
[Round "5.16"]
[White "Plazuelo Pascual, Juan"]
[Black "Alfaya Martinez, Enrique"]
[Result "1-0"]
[WhiteElo "1851"]
[BlackElo "1510"]
[PlyCount "85"]
[EventDate "2012.12.01"]
[EventType "swiss"]
[EventRounds "9"]
[EventCountry "ESP"]
[Source "lmi"]
[SourceDate "2012.12.01"]

1. d4 Nf6 2. c4 g6 3. Nc3 d5 4. Nf3 Bg7 5. Qb3 c6 6. Bf4 O-O 7. e3 b6 8. cxd5
cxd5 9. Nb5 Na6 10. Bd3 Nh5 11. Bg3 Nxg3 12. hxg3 Bg4 13. O-O Nc7 14. Nxc7 Qxc7
15. Qxd5 Rfd8 16. Rac1 Qxc1 17. Qxd8+ Rxd8 18. Rxc1 e5 19. Rc7 Bxf3 20. gxf3
exd4 21. e4 a5 22. Kf1 Bf8 23. Bc4 d3 24. Rxf7 Kh8 25. Bxd3 Rxd3 26. Rxf8+ Kg7
27. Rb8 Rd6 28. Ke2 h5 29. Rc8 g5 30. f4 h4 31. Rc7+ Kh6 32. fxg5+ Kxg5 33.
gxh4+ Kxh4 34. e5 Re6 35. Rc4+ Kg5 36. Re4 Kf5 37. Ke3 b5 38. f4 b4 39. Kd4 a4
40. Kd5 b3 41. Rxa4 bxa2 42. Rxa2 Kxf4 43. Kxe6 1-0

[Event "14. Abierto de la Constitucion"]
[Site "San Sebastian delos Reyes ESP"]
[Date "2012.12.05"]
[Round "5.19"]
[White "Bachiller Corral, Jose Maria"]
[Black "Martinez Montalvo, Eduardo"]
[Result "0-1"]
[WhiteElo "1366"]
[BlackElo "1800"]
[PlyCount "94"]
[EventDate "2012.12.01"]
[EventType "swiss"]
[EventRounds "9"]
[EventCountry "ESP"]
[Source "lmi"]
[SourceDate "2012.12.01"]

1. e4 b6 2. d4 Bb7 3. d5 e6 4. Nc3 exd5 5. exd5 Nf6 6. Bc4 Be7 7. Nf3 O-O 8.
O-O d6 9. Nd4 a6 10. Nf5 Re8 11. Qf3 Nbd7 12. Nxg7 Kxg7 13. Qg3+ Kh8 14. Bh6
Rg8 15. Qf3 Ne5 16. Qe2 Nxc4 17. Qxc4 Rg4 18. Qd3 Qg8 19. g3 Qg6 20. Rae1 Qxd3
21. cxd3 Re8 22. Ne4 Nxe4 23. Rxe4 Rxe4 24. dxe4 Bf8 25. Bxf8 Rxf8 26. Rc1 Rc8
27. Rc3 Kg7 28. h4 c5 29. b3 f6 30. f3 b5 31. Kf2 a5 32. Ke3 c4 33. Kd4 cxb3
34. Rxb3 Ba6 35. a3 Rc4+ 36. Ke3 a4 37. Rd3 b4 38. axb4 Rxb4 39. Rd2 Rb3+ 40.
Kf4 Rd3 41. Rc2 a3 42. Rc6 Bb5 43. Rxd6 a2 44. Re6 a1=Q 45. Re7+ Kg8 46. Rb7
Qc1+ 47. Kg4 Qc8+ 0-1

[Event "14. Abierto de la Constitucion"]
[Site "San Sebastian delos Reyes ESP"]
[Date "2012.12.05"]
[Round "5.20"]
[White "Rodriguez Orgaz, Cesar"]
[Black "Martinez Miura, Enrique"]
[Result "1/2-1/2"]
[WhiteElo "1818"]
[BlackElo "1741"]
[PlyCount "108"]
[EventDate "2012.12.01"]
[EventType "swiss"]
[EventRounds "9"]
[EventCountry "ESP"]
[Source "lmi"]
[SourceDate "2012.12.01"]

1. c4 e6 2. Nf3 c5 3. Nc3 d5 4. cxd5 exd5 5. d4 Nf6 6. Bg5 c4 7. g3 Be7 8. Bg2
O-O 9. Ne5 Be6 10. O-O h6 11. Bf4 Nbd7 12. e4 Nb6 13. a4 dxe4 14. Nxe4 Nxe4 15.
Bxe4 Nd5 16. Qc1 Nxf4 17. Qxf4 Bd5 18. Qf5 Bxe4 19. Qxe4 Bf6 20. Rfd1 Qc7 21.
Rac1 Rfe8 22. f4 Rac8 23. Qd5 Bxe5 24. fxe5 Qb6 25. Rxc4 Rxc4 26. Qxc4 Rxe5 27.
b4 Re8 28. Rf1 Qg6 29. Qc7 f6 30. Qxb7 Qg5 31. Rf4 Qg6 32. Qd5+ Kh8 33. Qf5 Qf7
34. Re4 Rd8 35. Qb5 Qg6 36. Qe2 Rc8 37. d5 Rd8 38. Qd3 Qg5 39. d6 Qc1+ 40. Kf2
Qc6 41. b5 Qb6+ 42. Qd4 Rxd6 43. Qxb6 axb6 44. Re8+ Kh7 45. Rc8 Rd4 46. Rc6
Rxa4 47. Rxb6 Ra2+ 48. Kg1 Rb2 49. Rb8 Kg6 50. b6 Kg5 51. h3 Rb3 52. Kf2 Rb2+
53. Kf3 Rb3+ 54. Kf2 Rb2+ 1/2-1/2

[Event "14. Abierto de la Constitucion"]
[Site "San Sebastian delos Reyes ESP"]
[Date "2012.12.05"]
[Round "5.22"]
[White "Anton Quevedo, Andrea"]
[Black "Lozano Sanchez, Jose Antonio"]
[Result "0-1"]
[WhiteElo "1419"]
[BlackElo "1893"]
[PlyCount "62"]
[EventDate "2012.12.01"]
[EventType "swiss"]
[EventRounds "9"]
[EventCountry "ESP"]
[Source "lmi"]
[SourceDate "2012.12.01"]

1. e4 e5 2. Nf3 Nc6 3. Bc4 Bc5 4. c3 d6 5. d4 exd4 6. cxd4 Bb4+ 7. Bd2 Bxd2+ 8.
Nbxd2 Nf6 9. O-O O-O 10. h3 d5 11. exd5 Nxd5 12. Ne4 Bf5 13. Ng3 Bg6 14. Qb3
Nb6 15. Rad1 Na5 16. Bxf7+ Bxf7 17. Qc3 Nc6 18. Nf5 Nd5 19. Qc2 Bg6 20. g4 Bxf5
21. gxf5 Qf6 22. Kh1 Qxf5 23. Qxf5 Rxf5 24. Nh2 Raf8 25. Rd2 Nf4 26. Ng4 Nxh3
27. Kg2 Nf4+ 28. Kg3 Ne7 29. Rg1 Ned5 30. Kh2 Rh5+ 31. Kg3 Rh3# 0-1

[Event "14. Abierto de la Constitucion"]
[Site "San Sebastian delos Reyes ESP"]
[Date "2012.12.05"]
[Round "5.24"]
[White "Cerrato Torrijos, Javier"]
[Black "Cavalle Pulla, Juan"]
[Result "1-0"]
[WhiteElo "1738"]
[BlackElo "1557"]
[PlyCount "109"]
[EventDate "2012.12.01"]
[EventType "swiss"]
[EventRounds "9"]
[EventCountry "ESP"]
[Source "lmi"]
[SourceDate "2012.12.01"]

1. e4 e5 2. Nf3 Nc6 3. Bc4 Bc5 4. c3 Nf6 5. d3 d5 6. exd5 Nxd5 7. Qb3 O-O 8.
Bxd5 Qd6 9. Bxc6 bxc6 10. O-O Bf5 11. d4 exd4 12. cxd4 Bxd4 13. Rd1 c5 14. Be3
Qg6 15. Nh4 Qf6 16. Bxd4 cxd4 17. Nxf5 Qxf5 18. Rxd4 Qe5 19. Qe3 Qxe3 20. fxe3
Rfe8 21. Kf2 Rab8 22. Rd2 Re6 23. Nc3 Reb6 24. b3 Rc6 25. Rad1 g6 26. Nd5 Re6
27. Nxc7 Rc6 28. Nd5 Kg7 29. Rd4 Rc2+ 30. R1d2 Rbc8 31. Ke2 R2c5 32. b4 Rb5 33.
a4 Rb7 34. Kd3 Ra8 35. Rc2 a5 36. b5 Rab8 37. Rc6 f5 38. Ra6 Kf7 39. Rxa5 Ke6
40. Nf4+ Ke7 41. Ra6 Rd7 42. Rxd7+ Kxd7 43. Kd4 Kc7 44. Kc5 Kb7 45. Rb6+ Ka7
46. Rxb8 Kxb8 47. Kc6 g5 48. Ne6 g4 49. h3 gxh3 50. gxh3 Ka7 51. Kc7 f4 52. b6+
Ka6 53. b7 fxe3 54. b8=Q e2 55. Qa8# 1-0

[Event "14. Abierto de la Constitucion"]
[Site "San Sebastian delos Reyes ESP"]
[Date "2012.12.05"]
[Round "5.26"]
[White "Ballesteros Jimenez, Miguel A"]
[Black "Infante Martin, Alonso"]
[Result "1-0"]
[WhiteElo "1672"]
[BlackElo "1495"]
[PlyCount "153"]
[EventDate "2012.12.01"]
[EventType "swiss"]
[EventRounds "9"]
[EventCountry "ESP"]
[Source "lmi"]
[SourceDate "2012.12.01"]

1. e4 e5 2. Nf3 Nc6 3. d4 exd4 4. Bc4 Bc5 5. c3 Nf6 6. cxd4 Bb4+ 7. Bd2 Bxd2+
8. Nbxd2 d5 9. exd5 Nxd5 10. Qb3 Nce7 11. Ne5 c6 12. O-O O-O 13. Ne4 Rb8 14.
Nxc6 Nxc6 15. Bxd5 Nxd4 16. Qc4 Ne6 17. Rad1 Qe7 18. Rfe1 a6 19. Ng3 g6 20. Re3
b5 21. Qe2 Rb6 22. Re1 Rd6 23. Bxe6 Bxe6 24. f4 Qd7 25. Ne4 Bc4 26. Qf2 Rc6 27.
b3 Bd5 28. Rd3 Rfc8 29. Red1 Qf5 30. Rxd5 Qxe4 31. Rd8+ Kg7 32. R8d4 Qf5 33.
Rd5 Qc2 34. Qd4+ Rf6 35. Rd6 Qf5 36. g3 Qc5 37. Kg2 Qf5 38. Rd2 h5 39. Rxa6 h4
40. Qxf6+ Qxf6 41. Rxf6 Kxf6 42. gxh4 Rc5 43. Kf3 Kf5 44. h3 Rc3+ 45. Kg2 f6
46. Rf2 b4 47. Kh2 Re3 48. Rc2 Kxf4 49. Rf2+ Rf3 50. Rc2 Re3 51. Rg2 Kf5 52.
Rf2+ Ke5 53. Rg2 Kf5 54. Rg4 Re4 55. Rg2 Rxh4 56. Rf2+ Rf4 57. Rc2 Kg5 58. Kg3
f5 59. Rc5 Rd4 60. Rc4 Re4 61. Kf3 Kh4 62. Rc6 Kg5 63. Rc4 Kh4 64. Rc8 Kg5 65.
Kg3 f4+ 66. Kf2 Re3 67. Rc4 Rxh3 68. Rxb4 Rh2+ 69. Kf3 Rh3+ 70. Kg2 Rg3+ 71.
Kf2 Kg4 72. a4 Rf3+ 73. Kg2 g5 74. a5 Re3 75. a6 Kh5 76. a7 Rg3+ 77. Kh2 1-0

[Event "14. Abierto de la Constitucion"]
[Site "San Sebastian delos Reyes ESP"]
[Date "2012.12.05"]
[Round "5.27"]
[White "Garcia Lopez, Fernando"]
[Black "Sanchez Ortega, Ruben"]
[Result "1/2-1/2"]
[WhiteElo "1657"]
[BlackElo "1798"]
[PlyCount "92"]
[EventDate "2012.12.01"]
[EventType "swiss"]
[EventRounds "9"]
[EventCountry "ESP"]
[Source "lmi"]
[SourceDate "2012.12.01"]

1. e4 e6 2. d4 d5 3. Nc3 Nf6 4. e5 Nfd7 5. f4 c5 6. Nf3 Nc6 7. Be3 Qb6 8. Qd2
cxd4 9. Nxd4 Bc5 10. O-O-O Nxd4 11. Bxd4 Bxd4 12. Qxd4 Qxd4 13. Rxd4 a6 14. g4
b5 15. h4 Rb8 16. a3 Bb7 17. Rh3 Nb6 18. b3 Ke7 19. Bd3 h6 20. Ne2 Rbc8 21. f5
Nd7 22. Re3 Nc5 23. Kb2 Nxd3+ 24. Rexd3 Rc6 25. Nf4 Rhc8 26. c3 Kd7 27. Ne2 Re8
28. Re3 Rf8 29. Rf4 Rcc8 30. Nd4 Bc6 31. Ref3 exf5 32. Rxf5 Ke7 33. Re3 Bd7 34.
Rf4 Be6 35. Nf5+ Bxf5 36. gxf5 g6 37. f6+ Ke6 38. a4 Rc5 39. Rg4 Kf5 40. Rd4
Ke6 41. Kc2 Rfc8 42. Kd2 R8c7 43. axb5 axb5 44. Rb4 Ra7 45. Kd3 Rac7 46. Kd2
Ra7 1/2-1/2

[Event "14. Abierto de la Constitucion"]
[Site "San Sebastian delos Reyes ESP"]
[Date "2012.12.05"]
[Round "5.29"]
[White "Garceran Izquierdo, Ruben"]
[Black "Jimenez Perez, Federico"]
[Result "1-0"]
[WhiteElo "1669"]
[BlackElo "1275"]
[PlyCount "55"]
[EventDate "2012.12.01"]
[EventType "swiss"]
[EventRounds "9"]
[EventCountry "ESP"]
[Source "lmi"]
[SourceDate "2012.12.01"]

1. c4 d6 2. d4 Nf6 3. Nc3 Nbd7 4. e4 e5 5. d5 Be7 6. f4 O-O 7. Nf3 c6 8. fxe5
Ng4 9. exd6 Qb6 10. Nd4 Bxd6 11. Qxg4 Qxd4 12. Qd1 Qc5 13. a3 a6 14. b4 Qa7 15.
c5 Be5 16. Qd3 Nf6 17. Bd2 Bd7 18. Be2 Rad8 19. Rc1 Rfe8 20. O-O cxd5 21. exd5
Bxc3 22. Bxc3 Bb5 23. Qg3 Rxd5 24. Bxf6 g6 25. Bxb5 axb5 26. Rce1 Rxe1 27. Rxe1
h5 28. Re8+ 1-0

[Event "14. Abierto de la Constitucion"]
[Site "San Sebastian delos Reyes ESP"]
[Date "2012.12.05"]
[Round "5.30"]
[White "De Vicente Guijarro, Juan"]
[Black "Zuazua Conde, Ivan Javier"]
[Result "1-0"]
[WhiteElo "1784"]
[BlackElo "1606"]
[PlyCount "45"]
[EventDate "2012.12.01"]
[EventType "swiss"]
[EventRounds "9"]
[EventCountry "ESP"]
[Source "lmi"]
[SourceDate "2012.12.01"]

1. e4 e5 2. f4 d5 3. exd5 Qxd5 4. Nc3 Qa5 5. Bc4 Nf6 6. Qe2 Be7 7. fxe5 Ng4 8.
d4 O-O 9. h3 Bh4+ 10. Kf1 Nf2 11. Qh5 Bg3 12. Bd3 Nxd3 13. cxd3 Qa6 14. Ke2 f5
15. Nf3 f4 16. Nd5 Qa5 17. Ne7+ Kh8 18. Ng6+ Kg8 19. Nxf8 Kxf8 20. Ng5 Qd5 21.
Ne4 h6 22. Bxf4 Bxf4 23. Rhf1 1-0

[Event "14. Abierto de la Constitucion"]
[Site "San Sebastian delos Reyes ESP"]
[Date "2012.12.06"]
[Round "6.1"]
[White "Valles Moreno, Ivan"]
[Black "Adan Bermudez, Sergio"]
[Result "0-1"]
[WhiteElo "2382"]
[BlackElo "2285"]
[PlyCount "66"]
[EventDate "2012.12.01"]
[EventType "swiss"]
[EventRounds "9"]
[EventCountry "ESP"]
[Source "lmi"]
[SourceDate "2012.12.01"]

1. d4 d6 2. Nf3 Nf6 3. g3 Nbd7 4. Bg2 e5 5. O-O g6 6. Re1 e4 7. Nfd2 d5 8. c4
c6 9. Nc3 Bg7 10. cxd5 cxd5 11. f3 Nb6 12. fxe4 Nxe4 13. Ndxe4 dxe4 14. e3 f5
15. Qb3 Qe7 16. Nb5 a6 17. Na7 Qe6 18. Nxc8 Qxb3 19. Nd6+ Kd7 20. axb3 Kxd6 21.
g4 Nd5 22. Rf1 Rhf8 23. gxf5 gxf5 24. Bd2 Bh6 25. Rae1 Rac8 26. Re2 Rc2 27. Kh1
Bxe3 28. Rxe3 Rxd2 29. Rh3 Rg8 30. Bxe4 fxe4 31. Rxh7 Rg6 32. Rxb7 e3 33. Ra7
Nb4 0-1

[Event "14. Abierto de la Constitucion"]
[Site "San Sebastian delos Reyes ESP"]
[Date "2012.12.06"]
[Round "6.2"]
[White "Lopez De Turiso, Jose Angel"]
[Black "Moreno Ruiz, Javier"]
[Result "0-1"]
[WhiteElo "2070"]
[BlackElo "2492"]
[PlyCount "116"]
[EventDate "2012.12.01"]
[EventType "swiss"]
[EventRounds "9"]
[EventCountry "ESP"]
[Source "lmi"]
[SourceDate "2012.12.01"]

1. e4 e6 2. d4 d5 3. Nc3 Bb4 4. Nge2 Nc6 5. Be3 Nge7 6. f3 O-O 7. Qd2 e5 8. a3
Ba5 9. O-O-O dxe4 10. fxe4 exd4 11. Nxd4 Nxd4 12. Bxd4 Nc6 13. Be3 Qe7 14. Qe1
Bg4 15. Rd3 Rad8 16. Bd2 Ne5 17. Rd5 Rxd5 18. Nxd5 Bxd2+ 19. Qxd2 Qd6 20. Nb4
Qxd2+ 21. Kxd2 Re8 22. b3 Bh5 23. Bd3 c6 24. Re1 f6 25. Be2 Bg6 26. Bf3 Kf8 27.
Nd3 Nd7 28. Bg4 Ne5 29. Nxe5 Rxe5 30. Re3 Rxe4 31. Rxe4 Bxe4 32. g3 Ke7 33. c3
Kd6 34. Ke3 Ke5 35. b4 b6 36. Be2 g5 37. Bc4 f5 38. Bg8 h6 39. Bc4 c5 40. bxc5
bxc5 41. Ba6 Bd5 42. Bd3 f4+ 43. gxf4+ gxf4+ 44. Kf2 Be4 45. Ba6 Kd6 46. Bb5
Kc7 47. Ke2 Kb6 48. Bc4 Ka5 49. Bb3 Kb5 50. Kf2 Bc6 51. Ke2 Ka5 52. Kf2 Ba4 53.
Bf7 Bd1 54. Be8 f3 55. Bd7 Be2 56. Bc6 Bb5 57. Bxf3 Ka4 58. Ke3 Kxa3 0-1

[Event "14. Abierto de la Constitucion"]
[Site "San Sebastian delos Reyes ESP"]
[Date "2012.12.06"]
[Round "6.3"]
[White "Rubio Mejia, Luis Ignacio"]
[Black "De La Orden Alcocer, Alejandro"]
[Result "1-0"]
[WhiteElo "2432"]
[BlackElo "1895"]
[PlyCount "47"]
[EventDate "2012.12.01"]
[EventType "swiss"]
[EventRounds "9"]
[EventCountry "ESP"]
[Source "lmi"]
[SourceDate "2012.12.01"]

1. d4 Nf6 2. c4 g6 3. Nc3 Bg7 4. e4 d6 5. Nf3 O-O 6. Be2 e5 7. Be3 Nc6 8. d5
Ne7 9. Nd2 a5 10. g4 Nd7 11. g5 f5 12. gxf6 Bxf6 13. h4 Kh8 14. Nf3 Ng8 15. Qd2
Nc5 16. O-O-O Qe8 17. h5 gxh5 18. Rdg1 Bg4 19. Ne1 Bxe2 20. Qxe2 Na4 21. Nxa4
Qxa4 22. Qxh5 Qxc4+ 23. Nc2 Qxe4 24. f3 1-0

[Event "14. Abierto de la Constitucion"]
[Site "San Sebastian delos Reyes ESP"]
[Date "2012.12.06"]
[Round "6.4"]
[White "Gueler Berdasco, Martin"]
[Black "Cerrato Torrijos, Maria"]
[Result "0-1"]
[WhiteElo "1921"]
[BlackElo "2124"]
[PlyCount "82"]
[EventDate "2012.12.01"]
[EventType "swiss"]
[EventRounds "9"]
[EventCountry "ESP"]
[Source "lmi"]
[SourceDate "2012.12.01"]

1. b4 e5 2. Bb2 d6 3. e3 Nf6 4. Nf3 e4 5. Nd4 c5 6. bxc5 dxc5 7. Ne2 Bd6 8. Ng3
O-O 9. Bxf6 Qxf6 10. Nc3 Bxg3 11. hxg3 Bf5 12. Nd5 Qd6 13. Nf4 Rd8 14. Be2 Nd7
15. Rb1 b6 16. g4 Be6 17. a4 Ne5 18. f3 Bd7 19. fxe4 Bxa4 20. d3 Bc6 21. c4 Ng6
22. O-O Bd7 23. Nd5 Qg3 24. Rf3 Qe5 25. Rf2 Qg5 26. Qf1 Rf8 27. Rf5 Bxf5 28.
exf5 Ne5 29. f6 Nxg4 30. Ne7+ Kh8 31. fxg7+ Kxg7 32. Nf5+ Kh8 33. Bxg4 Qxg4 34.
Nh6 Qg6 35. Qf4 Rad8 36. Rd1 a5 37. d4 cxd4 38. exd4 a4 39. Rd3 Rde8 40. Rg3
Re1+ 41. Kf2 Qe6 0-1

[Event "14. Abierto de la Constitucion"]
[Site "San Sebastian delos Reyes ESP"]
[Date "2012.12.06"]
[Round "6.5"]
[White "Camarero Izquierdo, Juan C"]
[Black "Almagro Llamas, Pablo"]
[Result "0-1"]
[WhiteElo "1924"]
[BlackElo "2442"]
[PlyCount "112"]
[EventDate "2012.12.01"]
[EventType "swiss"]
[EventRounds "9"]
[EventCountry "ESP"]
[Source "lmi"]
[SourceDate "2012.12.01"]

1. d4 Nf6 2. Nc3 d5 3. Bg5 e6 4. e4 Bb4 5. e5 h6 6. Bd2 Bxc3 7. bxc3 Ne4 8. Bd3
Nxd2 9. Qxd2 c5 10. dxc5 Qa5 11. Nf3 Nc6 12. O-O Qxc5 13. Rfe1 Bd7 14. Re3 Rc8
15. Rb1 b6 16. Qe2 Rc7 17. c4 dxc4 18. Bxc4 Nb4 19. Bb3 Nxc2 20. Re4 Na3 21.
Rd1 Nb5 22. Rc4 Nc3 23. Qc2 Qxc4 24. Bxc4 Nxd1 25. Nd2 b5 26. Qxd1 bxc4 27. Ne4
O-O 28. h4 c3 29. Nxc3 Rfc8 30. Kh2 Rxc3 31. Qxd7 R3c7 32. Qd4 a5 33. g4 Rc5
34. Kg3 Rd5 35. Qf4 Rc3+ 36. Kg2 Rcc5 37. Qa4 g5 38. Qe8+ Kg7 39. Qe7 Rxe5 40.
f4 gxf4 41. Kf3 Re3+ 42. Kxf4 Rce5 43. Qb7 R5e4+ 44. Qxe4 Rxe4+ 45. Kxe4 a4 46.
a3 Kg6 47. Kf4 f6 48. h5+ Kf7 49. Ke4 Ke7 50. Kd4 Kd6 51. Kc4 e5 52. Kb4 e4 53.
Kc4 Ke5 54. Kc3 Kf4 55. Kd4 e3 56. Kd3 Kf3 0-1

[Event "14. Abierto de la Constitucion"]
[Site "San Sebastian delos Reyes ESP"]
[Date "2012.12.06"]
[Round "6.6"]
[White "Roa Alonso, Santiago"]
[Black "Sacristan Virseda, Fernando"]
[Result "1-0"]
[WhiteElo "2412"]
[BlackElo "1915"]
[PlyCount "35"]
[EventDate "2012.12.01"]
[EventType "swiss"]
[EventRounds "9"]
[EventCountry "ESP"]
[Source "lmi"]
[SourceDate "2012.12.01"]

1. e4 c5 2. Nf3 e6 3. d4 cxd4 4. Nxd4 Nf6 5. Nc3 Nc6 6. Ndb5 Bb4 7. Bf4 Nxe4 8.
Nc7+ Ke7 9. Qf3 d5 10. O-O-O Nxc3 11. bxc3 Ba3+ 12. Kb1 e5 13. Bg5+ f6 14.
Nxd5+ Kf7 15. Bc4 Be6 16. Nxf6 Qb6+ 17. Bb3 Kg6 18. Qh5+ 1-0

[Event "14. Abierto de la Constitucion"]
[Site "San Sebastian delos Reyes ESP"]
[Date "2012.12.06"]
[Round "6.7"]
[White "Lopez Ziegler, Carlos"]
[Black "Cavalle Pulla, Daniel"]
[Result "0-1"]
[WhiteElo "1910"]
[BlackElo "2016"]
[PlyCount "74"]
[EventDate "2012.12.01"]
[EventType "swiss"]
[EventRounds "9"]
[EventCountry "ESP"]
[Source "lmi"]
[SourceDate "2012.12.01"]

1. e4 e6 2. d4 d5 3. exd5 exd5 4. Nf3 Bg4 5. h3 Bh5 6. c3 Bd6 7. Be2 Nf6 8. Be3
Nc6 9. Nbd2 h6 10. Bd3 O-O 11. g4 Bg6 12. Bxg6 fxg6 13. Qc2 g5 14. O-O-O Qd7
15. Rdg1 Ne7 16. h4 gxh4 17. Rxh4 Ne4 18. Nxe4 Rxf3 19. Nd2 Rf7 20. Rh5 Bf4 21.
Bxf4 Rxf4 22. g5 Rg4 23. Rgh1 Rxg5 24. Rxg5 hxg5 25. Qh7+ Kf8 26. Rh3 g4 27.
Qh8+ Ng8 28. Rh5 Re8 29. Re5 Rxe5 30. dxe5 Qf5 31. Qh2 Ne7 32. Nf1 Ng6 33. Ne3
Qe6 34. Qg2 Nxe5 35. Nxd5 Nf3 36. Ne3 Qd6 37. Kc2 Ne1+ 0-1

[Event "14. Abierto de la Constitucion"]
[Site "San Sebastian delos Reyes ESP"]
[Date "2012.12.06"]
[Round "6.8"]
[White "Gomez Ferrer, Jesus"]
[Black "Montiel Miguelez, Manuel"]
[Result "0-1"]
[WhiteElo "1968"]
[BlackElo "1900"]
[PlyCount "75"]
[EventDate "2012.12.01"]
[EventType "swiss"]
[EventRounds "9"]
[EventCountry "ESP"]
[Source "lmi"]
[SourceDate "2012.12.01"]

1. Nf3 d5 2. c4 c6 3. g3 Nf6 4. Bg2 Bf5 5. b3 e6 6. O-O h6 7. Bb2 Be7 8. d4 O-O
9. Nbd2 Nbd7 10. Ne5 Qc7 11. Rc1 Rac8 12. a3 c5 13. e3 Qb8 14. Nxd7 Nxd7 15.
cxd5 cxd4 16. exd4 Rxc1 17. Bxc1 exd5 18. Bxd5 Qd6 19. Qf3 Bh3 20. Re1 Bf6 21.
Nc4 Qc7 22. Bf4 Qd8 23. Bxb7 Bxd4 24. Be4 Be6 25. Bc2 Qf6 26. Qd3 g6 27. Rd1
Ne5 28. Nxe5 Bxe5 29. Bxh6 Rc8 30. Qd2 Qf3 31. Qd3 Qh5 32. Bc1 Bf5 33. Qd5 Bxc2
34. Re1 Bg7 35. Qd7 Qf5 36. Qxa7 Bxb3 37. Qe3 Bd5 38. Qd2 0-1

[Event "14. Abierto de la Constitucion"]
[Site "San Sebastian delos Reyes ESP"]
[Date "2012.12.06"]
[Round "6.9"]
[White "Largo Barbero, Benito"]
[Black "Esquivias Gomez, Francisco J"]
[Result "1-0"]
[WhiteElo "1871"]
[BlackElo "1981"]
[PlyCount "65"]
[EventDate "2012.12.01"]
[EventType "swiss"]
[EventRounds "9"]
[EventCountry "ESP"]
[Source "lmi"]
[SourceDate "2012.12.01"]

1. d4 g6 2. Nf3 Bg7 3. Bf4 d6 4. e3 Nf6 5. Bd3 O-O 6. Nbd2 c6 7. h3 Nbd7 8. c3
a5 9. Qc2 Re8 10. O-O-O b5 11. g4 Nf8 12. e4 Qb6 13. Be3 c5 14. Nh4 c4 15. Be2
e6 16. e5 Nd5 17. exd6 Nxe3 18. fxe3 Bb7 19. Rhg1 Nd7 20. e4 Qxd6 21. e5 Qe7
22. Nhf3 Rec8 23. h4 Bd5 24. Rdf1 Nb6 25. Ng5 Rf8 26. Nde4 Bxe4 27. Nxe4 Nd5
28. Qd2 Qxh4 29. Rh1 Qe7 30. g5 Qc7 31. Nf6+ Nxf6 32. gxf6 Bh8 33. Qh6 1-0

[Event "14. Abierto de la Constitucion"]
[Site "San Sebastian delos Reyes ESP"]
[Date "2012.12.06"]
[Round "6.10"]
[White "Gonzalez Mateos, Rafael"]
[Black "Plazuelo Pascual, Juan"]
[Result "1-0"]
[WhiteElo "2128"]
[BlackElo "1851"]
[PlyCount "61"]
[EventDate "2012.12.01"]
[EventType "swiss"]
[EventRounds "9"]
[EventCountry "ESP"]
[Source "lmi"]
[SourceDate "2012.12.01"]

1. d4 Nf6 2. c3 g6 3. Bg5 Bg7 4. Nd2 O-O 5. e4 d6 6. f4 c5 7. d5 Qc7 8. Ngf3 e6
9. dxe6 Bxe6 10. Bd3 Re8 11. Qe2 Nbd7 12. O-O a6 13. a4 Rac8 14. Rab1 Qc6 15.
Bc2 b5 16. axb5 axb5 17. Rfe1 Rb8 18. h3 h5 19. Qf2 d5 20. e5 Nh7 21. Bh4 Bh6
22. Nh2 Kh8 23. g4 Rg8 24. Bg3 b4 25. Ndf1 Ndf8 26. f5 Bd7 27. e6 fxe6 28. Bxb8
gxf5 29. Be5+ Bg7 30. Bxg7+ Rxg7 31. Ng3 1-0

[Event "14. Abierto de la Constitucion"]
[Site "San Sebastian delos Reyes ESP"]
[Date "2012.12.06"]
[Round "6.11"]
[White "Vukotic Jovsic, Dragan"]
[Black "Gil Fernandez, Daniel"]
[Result "1-0"]
[WhiteElo "2010"]
[BlackElo "1807"]
[PlyCount "39"]
[EventDate "2012.12.01"]
[EventType "swiss"]
[EventRounds "9"]
[EventCountry "ESP"]
[Source "lmi"]
[SourceDate "2012.12.01"]

1. d4 d5 2. c4 e6 3. Nc3 Nf6 4. Bf4 c6 5. e3 Bd6 6. Bg3 Bxg3 7. hxg3 Nbd7 8.
Nf3 Qc7 9. cxd5 exd5 10. Bd3 O-O 11. Qc2 h6 12. O-O-O c5 13. Rh4 c4 14. Bf5 Nb6
15. Rdh1 g6 16. Bxc8 Nxc8 17. Rxh6 Ne7 18. e4 Kg7 19. e5 Nh5 20. R1xh5 1-0

[Event "14. Abierto de la Constitucion"]
[Site "San Sebastian delos Reyes ESP"]
[Date "2012.12.06"]
[Round "6.12"]
[White "Marcos Herrero, Francisco"]
[Black "Alfaya Marcelo, Roberto"]
[Result "0-1"]
[WhiteElo "1923"]
[BlackElo "1758"]
[PlyCount "94"]
[EventDate "2012.12.01"]
[EventType "swiss"]
[EventRounds "9"]
[EventCountry "ESP"]
[Source "lmi"]
[SourceDate "2012.12.01"]

1. d4 Nf6 2. c4 g6 3. g3 Bg7 4. Bg2 O-O 5. Nc3 d6 6. Nf3 Nbd7 7. O-O e5 8. e4
c6 9. h3 Re8 10. Be3 a5 11. Qc2 Qe7 12. Rfe1 h6 13. b3 exd4 14. Nxd4 Nc5 15. f3
Nfd7 16. Rad1 Na6 17. a3 Ndc5 18. Bf2 h5 19. f4 Qf6 20. Nce2 Bh6 21. Kh2 Bd7
22. Rf1 Qe7 23. Nc3 h4 24. Nde2 hxg3+ 25. Bxg3 f5 26. Nd4 Qf7 27. exf5 gxf5 28.
Bf3 Kh8 29. Rde1 Bg7 30. Bf2 Bh6 31. Nde2 Ne6 32. Rg1 Rg8 33. Qd2 Rxg1 34. Rxg1
Qe7 35. Be3 Kh7 36. Ng3 Nec5 37. Bd1 Re8 38. Bd4 Qh4 39. Nce2 Ne4 40. Qc1 Nac5
41. Bc2 Nxg3 42. Nxg3 Bxf4 43. Qf1 Ne4 44. Bf2 Ng5 45. Qg2 Re2 46. Bd3 Rxf2 47.
Qxf2 Qxh3# 0-1